Decolonization in South Asia : (Record no. 75730)

MARC details
000 -LEADER
fixed length control field 00615nam a22001817a 4500
005 - DATE AND TIME OF LATEST TRANSACTION
control field 20130530124146.0
010 ## - LCCN (DPL NO)
LC control number ENG-107187
020 ## - INTERNATIONAL STANDARD BOOK NUMBER
International Standard Book Number 9788125047063
Terms of availability 425.00
035 ## - SYSTEM CONTROL NUMBER
System control number EN-90720
037 ## - SOURCE OF ACQUISITION
Source of stock number/acquisition DBAD/PUB
082 00 - DEWEY DECIMAL CLASSIFICATION NUMBER
Classification number 954.14042
Edition number 22
100 1# - MAIN ENTRY--PERSONAL NAME
Personal name Bandyopadhyay, Sekhar
245 10 - TITLE STATEMENT
Title Decolonization in South Asia :
Remainder of title meanings of freedom in post-independence West Bengal, 1947-52 /
Statement of responsibility, etc by Sekhar Bandyopadhyay
260 ## - PUBLICATION, DISTRIBUTION, ETC. (IMPRINT)
Place of publication, distribution, etc Hyderabad
Name of publisher, distributor, etc Orient Blackswan
Date of publication, distribution, etc 2012
300 ## - PHYSICAL DESCRIPTION
Extent x,254p.
Dimensions 24cm(pbk)
500 ## - GENERAL NOTE
General note Includes bibliographical references and index.
942 ## - ADDED ENTRY ELEMENTS (KOHA)
Source of classification or shelving scheme Dewey Decimal Classification
Item type English Books
Classification part 954.14042
Call number suffix BAN
Holdings
Withdrawn status Lost status Not for loan Collection code Home library Current library Date acquired Source of acquisition Cost, normal purchase price Full call number Barcode Copy number Cost, replacement price Koha item type
    Not For Loan Non-fiction D.B.Act.Division D.B.Act.Division 16/05/2013 DBAD/PUB 425.00 954.14042 BAN EN-90720 1 425.00 English Books

© Delhi Public Library
Hit Counter
free hit counter